01106nam a2200241 a 450000100100000000500170001000800410002704000250006808200190009310000310011224501570014326000810030030000250038149000350040650000320044150000350047350000550050850400740056353401050063765000520074270000350079483000350082900002553220200930023845.0110217s1966 mx r 001 0 spa d aDO-SdBNPbspacBNPHU a338.973bB887r1 aBruchey, Stuart R.,d1917-10aRaíces del desarrollo económico norteamericano 1607-1861 :bEnsayo sobre causalidad social /cStuart Bruchey , traducción Luisa María Álvarez. aMéxico, D. F. :bUnión Topográfica Editorial Hispano Americana,c1966. axv, 209 p. ;c23 cm.1 aBiblioteca uthea de economía aIncluye índice de tablas. aIncluye índice alfabético. aIncluye referencias bibliográficas p. [195-205]. aIncluye referencias bibliográficas y notas al pie de las páginas. pTítulo original:tThe roots of american economic growth 1607-1861,cNew York : Harper & Row, 1965. 4aDesarrollo económicozEstados UnidosxEnsayos1 aÁlvarez, Luisa María,etr. 0aBiblioteca uthea de economía